Analysis and Design of Information System / James A. Senn (Registro nro. 11883)
[ vista simple ]
| 000 -LÍDER | |
|---|---|
| fixed length control field | 00557nam a2200169 4500 |
| 008 - ELEMENTOS DE LONGITUD FIJA -- INFORMACIÓN GENERAL | |
| fixed length control field | 0 1989 0a 000 0USA |
| 020 ## - NÚMERO INTERNACIONAL NORMALIZADO PARA LIBROS | |
| ISBN | 0-07-056236-9 |
| 050 ## - SIGNATURA TOPOGRAFICA DE LA BIBLIOTECA DEL CONGRESO (LC) | |
| Número de Clasificación | QA76.9 S478 |
| 082 ## - NUMERO DE CLASIFICACION DECIMAL DEWEY | |
| Número de Clasificación | 001.61 S765a |
| 100 ## - ASIENTO PRINCIPAL--NOMBRE PERSONAL | |
| Nombre personal | Senn, James A. |
| 245 ## - TÍTULO | |
| Título | Analysis and Design of Information System / James A. Senn |
| 250 ## - MENCIÓN DE EDICIÓN | |
| Mención de edición | 2 |
| 260 ## - PUBLICACIÓN, DISTRIBUCIÓN, ETC. (PIE DE IMPRENTA) | |
| Lugar de publicación, distribución, etc. | United States of America: McGraw-Hill |
| 300 ## - DESCRIPCIÓN FÍSICA | |
| Extensión | xvii, 853 p. / 23 cm. |
| 500 ## - NOTA GENERAL | |
| Nota general | Incluye prefacio, index y references |
| 650 ## - ASIENTO SECUNDARIO DE MATERIA - TERMINO TEMÁTICO | |
| Término temático o nombre geográfico como elemento de entrada | 1.SYSTEM DESIGN \ 2.SYSTEM ANALISIS \ 3. MANAGEMENT INFORMATION SYSTEMS |
| No. biblioteca | No. biblioteca | Número de clasificación | Código de barras/Número de adquisición | Número de copia | Tipo de material |
|---|---|---|---|---|---|
| LUIS G. INCLAN | LUIS G. INCLAN | 001.61 S765a | 20109 | 1 | Libros |
